000 00624nam a2200253Ia 4500
008 160321s9999||||xx |||||||||||||| ||und||
040 _cHindi
082 _aXI.C Goenka
082 _bBORI-76186
100 _aJaydayal Goenka
245 _aIshwar Dayalu Aur Nyayakari Hai
300 _a22
300 _cE
300 _ePaperback
530 _u00072232.pdf
563 _aStudy
600 _aJaydayal Goenka
630 _aIshwar Dayalu Aur Nyayakari Hai
650 _aGeneral Indology
650 _aPhilosophy
700 _aJaydayal Goenka
730 _aIshwar Dayalu Aur Nyayakari Hai
942 _cBOOK
999 _c1369655
_d1369652